Hanhalot tsiburiyot shel irgune ha-migzar ha-shelishi be-Yiśraʾel : meʾafyenim ṿe-hebeṭim mivniyim, tifḳudiyim ṿe-irguniyim /

Saved in:
Bibliographic Details
Main Author: Yacovitz, Esther.
Corporate Author: Merkaz ha-Yiśreʾeli le-ḥeḳer ha-migzar ha-shelishi.
Other Authors: Bar-Mor, Hadara., Gidron, Benjamin., Naftali, Maiḳ.
Format: Book
Language:Hebrew
Published: Beʾer Shevaʻ : ha-Merkaz ha-Yiśreʾeli le-ḥeḳer ha-migzar ha-shelishi, Universiṭat Ben Guryon ba-Negev, 2002.
Subjects:
Tags: Add Tag
No Tags, Be the first to tag this record!
LEADER 01045nam a22002537a 4500
001 009698196-2
005 20100727100223.0
008 050620s2002 is |||||||||||||||||heb|d
035 0 |a ocm57512451 
100 1 |a Yacovitz, Esther. 
245 1 0 |a Hanhalot tsiburiyot shel irgune ha-migzar ha-shelishi be-Yiśraʾel :  |b meʾafyenim ṿe-hebeṭim mivniyim, tifḳudiyim ṿe-irguniyim /  |c Ester Yaḳovits, Maiḳ Naftali, Binyamin Gidron, Hadarah Bar-Mor. 
260 |a Beʾer Shevaʻ :  |b ha-Merkaz ha-Yiśreʾeli le-ḥeḳer ha-migzar ha-shelishi, Universiṭat Ben Guryon ba-Negev,  |c 2002. 
300 |a 131 p. ;  |c 30 cm. 
650 0 |a Voluntarism  |z Israel  |x Management. 
650 0 |a Nonprofit organizations  |z Israel. 
650 0 |a Nonprofit organizations  |x Management  |z Israel. 
650 0 |a Jews  |x Charities  |z Israel. 
710 2 |a Merkaz ha-Yiśreʾeli le-ḥeḳer ha-migzar ha-shelishi. 
700 1 |a Bar-Mor, Hadara. 
700 1 |a Gidron, Benjamin. 
700 1 |a Naftali, Maiḳ. 
752 |a Israel  |d Beʾer Shevaʻ. 
988 |a 20050620 
906 |0 MH